Brunelleschi's dome : (Record no. 114251)

MARC details
000 -LEADER
campo de control de longitud fija 03018cam a2200337 a 4500
003 - IDENTIFICADOR DE NÚMERO DE CONTROL
campo de control BJBSDDR
005 - FECHA Y HORA DE LA ÚLTIMA TRANSACCIÓN
campo de control 20230411090645.0
007 - CAMPO FIJO DE DESCRIPCIÓN FÍSICA--INFORMACIÓN GENERAL
campo de control de longitud fija ta
008 - DATOS DE LONGITUD FIJA--INFORMACIÓN GENERAL
campo de control de longitud fija 011116s2001 nyua b 001 0 eng
020 ## - NÚMERO INTERNACIONAL ESTÁNDAR DEL LIBRO
Número Internacional Estándar del Libro 9780142000151
040 ## - FUENTE DE CATALOGACIÓN
Centro catalogador/agencia de origen DLC
Centro/agencia transcriptor DLC
Lengua de catalogación spa
041 ## - CÓDIGO DE IDIOMA
Código de lengua del texto/banda sonora o título independiente eng
043 ## - CÓDIGO DE ÁREA GEOGRÁFICA
Código de área geográfica e-it---
050 14 - SIGNATURA TOPOGRÁFICA DE LA BIBLIOTECA DEL CONGRESO
Número de clasificación NA 5621
Número de ítem K54b 2001
082 00 - NÚMERO DE LA CLASIFICACIÓN DECIMAL DEWEY
Número de clasificación 726.6/0945/51
Número de edición 21
100 1# - ENTRADA PRINCIPAL--NOMBRE DE PERSONA
Nombre de persona King, Ross.
Fechas asociadas al nombre 1952-
245 10 - MENCIÓN DEL TÍTULO
Título Brunelleschi's dome :
Resto del título how a Renaissance genius reinvented architecture /
Mención de responsabilidad, etc. Ross King.
260 ## - PUBLICACIÓN, DISTRIBUCIÓN, ETC.
Lugar de publicación, distribución, etc. New York, N.Y. :
Nombre del editor, distribuidor, etc. Penguin Books,
Fecha de publicación, distribución, etc. 2001.
300 ## - DESCRIPCIÓN FÍSICA
Extensión 194 p. :
Otras características físicas ill. ;
Dimensiones 22 cm.
500 ## - NOTA GENERAL
Nota general First published in Great Britain by Chatto & Windus, 2000.
504 ## - NOTA DE BIBLIOGRAFÍA, ETC.
Nota de bibliografía, etc. Includes bibliographical references (p. [177]) and index.
505 ## - NOTA DE CONTENIDO CON FORMATO
Nota de contenido con formato Sonny --<br/>Ambition --<br/>Indecision --<br/>Displacement --<br/>Hell --<br/>Purgatory --<br/>Recognition --<br/>Reaffirmation --<br/>Holden --<br/>Crossroads --<br/>Positioning --<br/>Franny --<br/>Two families --<br/>Zooey --<br/>Seymour --<br/>Dark summit --<br/>Detachment --<br/>Farewell --<br/>The poetry of silence --<br/>Coming through the rye.
520 ## - RESUMEN, ETC.
Sumario, etc. One of the most popular and mysterious figures in American literary history, J.D. Salinger eluded fans and journalists for most of his life. Now comes a new biography. Filled with new information and revelations, garnered from countless interviews, letters, and public records, this work presents his extraordinary life that spanned nearly the entire twentieth century. The author explores Salinger's privileged youth, long obscured by misrepresentation and rumor, revealing the brilliant, sarcastic, vulnerable son of a disapproving father and doting mother and his entrance into a social world where Gloria Vanderbilt dismissively referred to him as a Jewish boy from New York. Here too are accounts of Salinger's first broken heart (Eugene O'Neill's daughter, Oona, left him for the much older Charlie Chaplin) and the devastating World War II service of which he never spoke and which haunted him forever. This work features all the dazzle of his early writing successes, his dramatic encounters with luminaries from Ernest Hemingway to Laurence Olivier to Elia Kazan, his surprising office intrigues with famous New Yorker editors and writers, and the stunning triumph of The Catcher in the Rye, which would both make him world famous and hasten his retreat into the hills of New Hampshire. Whether it is revealing the facts of his hasty, short lived first marriage or his lifelong commitment to Eastern religion, which would dictate his attitudes toward sex, nutrition, solitude, and creativity, this biography is Salinger's unforgettable story in full.
600 10 - PUNTO DE ACCESO ADICIONAL DE MATERIA--NOMBRE DE PERSONA
Nombre de persona Brunelleschi, Filippo,
Fechas asociadas al nombre 1377-1446
610 20 - PUNTO DE ACCESO ADICIONAL DE MATERIA--NOMBRE DE ENTIDAD CORPORATIVA
Nombre de entidad corporativa o nombre de jurisdicción como elemento de entrada Santa Maria del Fiore (Cathedral : Florence, Italy)
651 #4 - PUNTO DE ACCESO ADICIONAL DE MATERIA--NOMBRE GEOGRÁFICO
Nombre geográfico Italia
Subdivisión general Diseño y construcción
9 (RLIN) 4680
856 42 - LOCALIZACIÓN Y ACCESO ELECTRÓNICOS
Materiales especificados Book review (H-Net)
Identificador Uniforme de Recursos <a href="http://www.h-net.org/review/hrev-a0d0h4-aa">http://www.h-net.org/review/hrev-a0d0h4-aa</a>
906 ## - ELEMENTOS DE DATOS F LOCAL, LDF (RLIN)
a 7
b cbc
c origcop
d 2
e ncip
f 20
g y-gencatlg
942 ## - ELEMENTOS DE ENTRADA SECUNDARIOS (KOHA)
Fuente del sistema de clasificación o colocación Clasificación de Library of Congress
Tipo de ítem Koha Libro
Holdings
Estatus retirado Estado de pérdida Estado de daño No para préstamo Colección Biblioteca de origen Biblioteca actual Ubicación en estantería Fecha de adquisición Signatura topográfica completa Código de barras Visto por última vez Copia número Tipo de ítem Koha
        Humanidades Biblioteca Juan Bosch Biblioteca Juan Bosch Humanidades (4to. Piso) 11/05/2020 NA 5621 K54b 2001 00000140386 11/05/2020 1 Libro